[Event "Voronezh op"]
[Site "Voronezh"]
[Date "1998.06.12"]
[Round "1"]
[White "Korobov, Anton"]
[Black "Atalik, Suat"]
[Result "1/2-1/2"]
[WhiteElo "2165"]
[BlackElo "2595"]

1.d4 Nf6 2.Nf3 g6 3.c4 Bg7 4.Nc3 d5 5.cxd5 Nxd5 6.Qa4+ Nc6 7.e3 Nb6 8.Qd1 O-O
9.Be2 e5 10.d5 Ne7 11.e4 f5 12.Bg5 fxe4 13.Nxe4 Nbxd5 14.Bxe7 Nxe7 15.Bc4+ Kh8
16.Qxd8 Rxd8 17.Neg5 Rf8 18.Nf7+ Rxf7 19.Bxf7 e4 20.Nd2 Bxb2 21.Rb1 Bc3 22.Ke2 Bg4+
23.f3 exf3+ 24.gxf3 Bh5 25.Rhc1 Be5 26.Rxb7 Bxh2 27.Rcb1 Kg7 28.Be6 Re8 29.Bd7 Rd8
30.Bg4 Nd5 31.Ne4 Re8 32.Kd3 Bxg4 33.fxg4 a5 34.Kd4 Nb4 35.a3 Nc6+ 36.Ke3 g5
37.Kf3 Nd4+ 38.Ke3 Nc6 39.Kf3 Bf4 40.Nxg5 Bxg5 41.Rxc7+ Ne7 42.Rb5 h6 43.Rxa5 Kf7
44.Raa7 Rd8 45.Rd7 Rf8 46.Kg3 Ke6 47.Rd3 Ke5 48.Rad7 Ra8 49.R7d6 Ra4 50.Kh3 Rc4
51.Kg3 h5 52.Rb6 Rxg4+ 53.Kh3 Rh4+ 54.Kg2 Nf5 55.Rf3 Ne3+ 56.Kf2 Nd5 57.Rb5 Rd4
58.Rf7 Ke4 59.Rd7 Bh4+ 60.Kg1 Rd1+ 61.Kh2 Kf3 62.Rf7+ Kg4 63.Rg7+ Bg5 64.a4 Rd2+
65.Kg1 h4 66.a5 h3 67.Rxg5+ Kxg5 68.a6 Kg4 69.a7 Nc7 70.Rb7 Kg3 71.Rb3+ Kh4
72.Rb7 h2+ 73.Kh1 Kg3 74.Rb3+ Kg4 75.Rb7 Kg3  1/2-1/2

[Event "Voronezh op"]
[Site "Voronezh"]
[Date "1998.06.13"]
[Round "2"]
[White "Kalugin, Sergei"]
[Black "Korobov, Anton"]
[Result "1-0"]
[WhiteElo "2240"]
[BlackElo "2165"]

1.e4 c5 2.c3 d5 3.exd5 Qxd5 4.d4 Nf6 5.Nf3 e6 6.Na3 a6 7.Nc4 Qd8 8.a4 Nc6
9.Be3 cxd4 10.Nxd4 Nd5 11.Nxc6 bxc6 12.Qf3 Qc7 13.Bd3 c5 14.Be4 Bb7 15.Bf4 Qxf4
16.Qxf4 Nxf4 17.Bxb7 Ra7 18.Bc6+ Ke7 19.O-O-O Rc7 20.Bf3 g6 21.h4 Bh6 22.Kc2 Nh5
23.Rd6 Nf6 24.Rxa6 Rd8 25.Rc6 Rxc6 26.Bxc6 Ng4 27.a5 Bf4 28.a6 Bb8 29.Bf3 Nxf2
30.Ra1 Rd7 31.Nb6 Rc7 32.Rf1 c4 33.Nxc4 Rxc4 34.Rxf2 f5 35.b4 e5 36.Bd5 Rxh4
37.Kb3 Ba7 38.Rd2 Kd6 39.Ka4 Kc7 40.Kb5 e4 41.Be6 Rh5 42.Rd7+ Kb8 43.Kc6 Bf2
44.Bd5 f4 45.Bxe4 Re5 46.Bd5 Re8 47.Rb7+ Ka8 48.Rxh7 Kb8 49.Rb7+ Ka8 50.Kd6 Re1
51.Rd7+  1-0

[Event "Voronezh op"]
[Site "Voronezh"]
[Date "1998.06.19"]
[Round "8"]
[White "Feoktistov, Alexey A"]
[Black "Korobov, Anton"]
[Result "1-0"]
[WhiteElo "2395"]
[BlackElo "2165"]

1.e4 c5 2.c3 d5 3.exd5 Qxd5 4.d4 Nf6 5.Nf3 e6 6.Na3 a6 7.Nc4 Qd8 8.a4 Nc6
9.Be3 cxd4 10.Nxd4 Nd5 11.Nxc6 bxc6 12.Qf3 Nxe3 13.fxe3 Qc7 14.Bd3 Be7 15.O-O O-O
16.Qh5 f5 17.e4 g6 18.Qe2 c5 19.exf5 exf5 20.Nb6 Qxb6 21.Bc4+ Kh8 22.Qxe7 Bb7
23.Rae1 Rae8 24.Qxe8 Rxe8 25.Rxe8+ Kg7 26.Re7+ Kh6 27.Rf2 a5 28.Bg8 Be4 29.Rxh7+ Kg5
30.Bc4 Qd6 31.Be2 Qc6 32.Bb5 Qd5 33.Rd7 Qb3 34.Rd6 c4 35.Be8 f4 36.h4+ Kh5
37.Rd4 Bd3 38.Rdxf4 Qd1+ 39.Kh2 Qe1 40.Bc6 g5 41.hxg5 Kxg5 42.g3 Qe5 43.Bg2 Qe8
44.Rf8 Qxa4 45.Rg8+ Kh6 46.Rf6+ Kh7 47.Rb8 Kg7 48.Ra6 Bf5 49.Rb7+ Bd7 50.Rd6  1-0

[Event "UKR-chT"]
[Site "Alushta"]
[Date "1998.??.??"]
[Round "?"]
[White "Korobov, Anton"]
[Black "Fadeev, Valeri"]
[Result "1-0"]
[WhiteElo "2165"]
[BlackElo "2380"]

1.d4 d5 2.c4 Bf5 3.Nc3 e6 4.Nf3 c6 5.Bf4 Bd6 6.Bxd6 Qxd6 7.e3 Nd7 8.Bd3 Bxd3
9.Qxd3 Ngf6 10.O-O O-O 11.Rad1 Rfe8 12.Rfe1 Rad8 13.c5 Qc7 14.e4 dxe4 15.Nxe4 Nxe4
16.Qxe4 Nf6 17.Qh4 Rd5 18.Ne5 Red8 19.b4 b6 20.h3 bxc5 21.bxc5 Nd7 22.Nxc6 Qxc6
23.Qxd8+ Nf8 24.Qh4 Qa4 25.Qg3 h6 26.Qc7 e5 27.Qb7 Rxd4 28.Rxd4 exd4 29.Qd5 Ne6
30.c6 Qc2 31.Qf3 Qxa2 32.Rc1 Qa5 33.Qb3 Qg5 34.Qb8+ Kh7 35.Qb1+ g6 36.c7 Nf4
37.g3 Nxh3+ 38.Kg2 Nf4+ 39.Kf1 Qh5 40.gxf4 d3 41.Qxd3 Qh1+ 42.Ke2 Qxc1 43.Qd7 Qc2+
44.Kf3 Qb3+ 45.Kg2 Qc4 46.c8=Q Qxf4 47.Qg4 Qf6 48.Qc7 h5 49.Qgf4  1-0

[Event "UKR-chT"]
[Site "Alushta"]
[Date "1998.??.??"]
[Round "?"]
[White "Efimenko, Zahar"]
[Black "Korobov, Anton"]
[Result "1-0"]
[WhiteElo "2245"]
[BlackElo "2165"]

1.e4 c5 2.Nf3 d6 3.d4 cxd4 4.Nxd4 Nf6 5.Nc3 a6 6.Bg5 Nbd7 7.f4 b5 8.Nd5 Bb7
9.Bxf6 gxf6 10.Qh5 Qc8 11.O-O-O Rg8 12.Be2 Rxg2 13.Rhg1 Rxe2 14.Qxe2 e6 15.Nc3 Nb6
16.f5 e5 17.Nb3 Nc4 18.Nd5 Bxd5 19.Rxd5 Bh6+ 20.Kb1 Ke7 21.Qh5 Qf8 22.Rd3 a5
23.Rdg3 Be3 24.Rd1 a4 25.Nc1 Bf4 26.Rc3 Rc8 27.Qe2 Qh6 28.Nd3 Be3 29.Nb4 Bd4
30.Nd5+ Kd7 31.Rcd3 Bxb2 32.Nb6+ Nxb6 33.Rxd6+ Ke7 34.Rxb6 Bd4 35.Rxb5 Kf8
36.Rd3 Kg7 37.Rb7 Kh8 38.Rg3 Qf4 39.Rg4 Qh6 40.Qc4 Rf8 41.Qb4  1-0

[Event "UKR-chT"]
[Site "Alushta"]
[Date "1998.??.??"]
[Round "?"]
[White "Korobov, Anton"]
[Black "Korovashkin, Maxim"]
[Result "1-0"]
[WhiteElo "2165"]
[BlackElo "2275"]

1.d4 e6 2.Nf3 Nf6 3.c4 Bb4+ 4.Nbd2 O-O 5.g3 d6 6.Bg2 Nbd7 7.O-O Bxd2 8.Qxd2 e5
9.Qc2 Re8 10.e4 Qe7 11.d5 Nc5 12.Nd2 a5 13.b3 c6 14.Bb2 Bd7 15.Rae1 b5 16.f4 Ng4
17.h3 Nh6 18.fxe5 dxe5 19.Nf3 f6 20.Rd1 b4 21.d6 Qd8 22.Bc1 Nf7 23.Be3 Ne6
24.c5 Ra7 25.Nd2 Nf8 26.Rf2 Be6 27.Kh2 Nd7 28.Bf1 g6 29.Bc4 Kg7 30.Rdf1 h5
31.Nf3 Nf8 32.Nh4 Nh7 33.Qd2 Qd7 34.Bxe6 Qxe6 35.Nf3 Rd8 36.Qd1 Rdd7 37.Qd2 Nd8
38.Rg2 g5 39.Rgf2 Nf7 40.Qc2 Nh6 41.Nd2 Rf7 42.Nc4 Nf8 43.Qd1 Kg6 44.Rf5 Nd7
45.Qc1 Qe8 46.R5f2 Nf8 47.Qb2 Qe6 48.Nb6 Ng8 49.Qc2 Rh7 50.Nd5 Rhf7 51.h4 Qg4
52.Nc7 gxh4 53.gxh4 Qxh4+ 54.Kg1 Kh7 55.Rg2 Qh3 56.Bc1 Ng6 57.Rh2 Qg4+ 58.Rg2 Qh3
59.Qe2 Nh6 60.Rh2 Qg3+ 61.Kh1 Ng4 62.Rxh5+ Kg8 63.Qg2 Qxg2+ 64.Kxg2 Rh7 65.Rxh7 Kxh7
66.Kg3  1-0

[Event "UKR-chT"]
[Site "Alushta"]
[Date "1998.??.??"]
[Round "?"]
[White "Korobov, Anton"]
[Black "Savchenko, Viacheslav"]
[Result "1/2-1/2"]
[WhiteElo "2165"]
[BlackElo "2375"]

1.d4 d5 2.c4 dxc4 3.e3 Nf6 4.Bxc4 a6 5.a4 e6 6.Nf3 c5 7.O-O Nc6 8.Nc3 Be7
9.dxc5 Qxd1 10.Rxd1 Bxc5 11.e4 Ng4 12.Rf1 Nge5 13.Nxe5 Nxe5 14.Be2 b6 15.Bf4 f6
16.Rfd1 Ke7 17.Rd2 Bb7 18.Rad1 Rhd8 19.Rxd8 Rxd8 20.Rxd8 Kxd8 21.Kf1 Bd4
22.f3 Nd7 23.Bg3 Nc5 24.Bf2 Be5 25.a5 Bxc3 26.Bxc5 Bxa5 27.Bf8 Bd2 28.Bxg7 Ke7
29.e5 f5 30.g4 b5 31.Bd3 Bc8 32.h4 Bc1 33.b3 Kf7 34.Bf6 h6 35.Ke2 Bf4 36.Kd1 Kg6
37.Kc2 h5 38.Kc3 Bb7 39.Be2 Bd5 40.Bd1 a5 41.gxf5+ exf5 42.Kd4 Bc6 43.Kc5 Be8
44.Kd6 Bd2 45.Bh8 Bb4+ 46.Kc7 Bc3 47.Kd8 Bc6 48.Kc7 Be8 49.Kd8 Bf7 50.Kd7 b4
51.Kd6 Be8 52.Kc5 Kf7 53.Kd6 Kg8 54.Bf6 Bf7 55.Kc5 a4 56.bxa4 b3 57.e6 b2
58.exf7+ Kxf7 59.Bc2 Bxf6 60.Kc4 Bxh4 61.f4 Ke6 62.Kb3 Bf6 63.Ka2 h4 64.Bb3+ Kd6
65.Bc2 Kc5 66.Bxf5 Kb4 67.Bd7 Kc3 68.Kb1  1/2-1/2

[Event "RUS-Cup02"]
[Site "Moscow"]
[Date "1998.??.??"]
[Round "1"]
[White "Korobov, Anton"]
[Black "Zaitsev, Vadim"]
[Result "1/2-1/2"]
[WhiteElo "2165"]
[BlackElo "2425"]

1.d4 Nf6 2.Nf3 g6 3.c4 Bg7 4.Nc3 O-O 5.Bg5 c5 6.e3 d6 7.Be2 h6 8.Bh4 g5 9.Bg3 Nh5
10.dxc5 Nxg3 11.hxg3 dxc5 12.Qc2 e6 13.Rd1 Qe7 14.g4 Nc6 15.O-O b6 16.Ne4 Bb7
17.Nd6 Nb4 18.Qb1 Bc6 19.a3 Na6 20.Rd2 Nc7 21.Rfd1 Ne8 22.Nxe8 Rfxe8 23.Ne1 Rab8
24.Bf3 Bxf3 25.Nxf3 b5 26.cxb5 Rxb5 27.Qc1 Qf6 28.Qc4 Rxb2 29.Qxc5 Rxd2 30.Rxd2 Qa1+
31.Kh2 a6 32.Qc6 Rb8 33.Qxa6 h5 34.Qd6 Ra8 35.gxh5 g4 36.Nd4 Qxa3 37.Qxa3 Be5+
38.g3 Rxa3 39.Nc6 Bf6 40.Rc2 Bc3 41.Kg2 Kg7 42.e4 f6 43.Nd8 e5 44.Nc6 Kh6
45.Ne7 Bd4 46.Ng8+ Kg7 47.Ne7 Kh6 48.Ng8+ Kg7  1/2-1/2

[Event "RUS-Cup02"]
[Site "Moscow"]
[Date "1998.??.??"]
[Round "4"]
[White "Korobov, Anton"]
[Black "Koniushkov, Igor"]
[Result "1/2-1/2"]
[WhiteElo "2165"]
[BlackElo "2395"]

1.d4 d5 2.c4 e6 3.Nc3 Be7 4.Nf3 Nf6 5.Qc2 c5 6.cxd5 exd5 7.e3 O-O 8.dxc5 Bxc5
9.Be2 Nc6 10.O-O Qe7 11.a3 a6 12.b4 Ba7 13.Bb2 Rd8 14.Rad1 h6 15.h3 Be6 16.Bd3 Rac8
17.Qb1 d4 18.exd4 Nxd4 19.Nxd4 Bxd4 20.Ne2 Bxb2 21.Qxb2 Bc4 22.Bxc4 Rxc4
23.Ng3 Qc7 24.Rxd8+ Qxd8 25.Nf5 Kh7 26.Qb3 Rc7 27.Qg3 g6 28.Ne3 Qe7 29.Qf4 Rd7
30.Rc1 Nd5 31.Nxd5 Rxd5 32.Qf3  1/2-1/2

[Event "RUS-Cup02"]
[Site "Moscow"]
[Date "1998.??.??"]
[Round "6"]
[White "Korobov, Anton"]
[Black "Afanasiev, Vadim"]
[Result "1/2-1/2"]
[WhiteElo "2165"]
[BlackElo "2305"]

1.Nf3 d5 2.d4 c6 3.c4 Nf6 4.cxd5 cxd5 5.Nc3 Nc6 6.Bf4 Qb6 7.Na4 Qa5+ 8.Bd2 Qd8
9.e3 e6 10.Bb5 Bd7 11.Bxc6 Bxc6 12.Ne5 Bd6 13.Nxc6 bxc6 14.g3 O-O 15.Qc2 Rc8
16.O-O-O Ne4 17.Bc3 c5 18.dxc5 Bxc5 19.Kb1 Bb4 20.Qxe4 Bxc3 21.Qd3 Bf6 22.Qa6 Qd7
23.e4 d4 24.f4 g6 25.e5 Be7 26.b3 Rfd8 27.Qd3 Qd5 28.Rhe1 Rd7 29.Re4 Rcd8
30.Rc1  1/2-1/2

[Event "RUS-Cup02"]
[Site "Moscow"]
[Date "1998.??.??"]
[Round "8"]
[White "Korobov, Anton"]
[Black "Dorofeeva, Anna"]
[Result "1-0"]
[WhiteElo "2165"]
[BlackElo "2345"]

1.d4 d5 2.c4 e6 3.Nc3 c6 4.e3 Bd6 5.Bd3 f5 6.Nge2 Nh6 7.h3 Nd7 8.b3 Nf6 9.Bb2 Ne4
10.Qc2 O-O 11.Rf1 Qh4 12.Ng1 Qg5 13.g3 Nxf2 14.Rxf2 Bxg3 15.Qe2 f4 16.Nf3 Qh5
17.e4 Qxh3 18.O-O-O Bxf2 19.Qxf2 Ng4 20.Qe2 Ne3 21.Rg1 h6 22.Ne5 g5 23.Ba3 Re8
24.Qf2 dxc4 25.Qxf4 Nf5 26.exf5 Kh7  1-0

[Event "RUS-Cup02"]
[Site "Moscow"]
[Date "1998.??.??"]
[Round "9"]
[White "Odeev, Handszar"]
[Black "Korobov, Anton"]
[Result "1-0"]
[WhiteElo "2430"]
[BlackElo "2165"]

1.e4 e6 2.d4 d5 3.Nd2 c5 4.Ngf3 Nf6 5.e5 Nfd7 6.c3 Nc6 7.Bd3 Qb6 8.O-O cxd4
9.cxd4 Nxd4 10.Nxd4 Qxd4 11.Nf3 Qb6 12.Qa4 Qd8 13.Be3 Be7 14.Qg4 Kf8 15.h4 b6
16.Rac1 Bb7 17.b4 a5 18.a3 Ba6 19.Bxa6 Rxa6 20.Rc6 h5 21.Qf4 g6 22.Rxe6 Kg7
23.Rc6 axb4 24.axb4  1-0

[Event "EU-ch U16"]
[Site "Murek"]
[Date "1998.??.??"]
[Round "1"]
[White "Korobov, Anton"]
[Black "Hodge, David"]
[Result "1-0"]
[WhiteElo "2350"]
[BlackElo "2130"]

1.d4 Nf6 2.Nf3 g6 3.c4 Bg7 4.Nc3 O-O 5.Bg5 d6 6.e3 Bg4 7.h3 Bxf3 8.Qxf3 c6
9.Bd3 Nbd7 10.O-O Qa5 11.Bh4 Rae8 12.Rad1 h6 13.Bb1 Qh5 14.Qxh5 Nxh5 15.f4 Nhf6
16.e4 Nh7 17.Bf2 Rc8 18.e5 Rfd8 19.Ne4 d5 20.cxd5 cxd5 21.Nc3 Ndf8 22.Rc1 f5
23.g4 e6 24.Nb5 a6 25.Nd6 Rxc1 26.Rxc1 Rd7 27.Rc8  1-0

[Event "EU-ch U16"]
[Site "Murek"]
[Date "1998.??.??"]
[Round "3"]
[White "Korobov, Anton"]
[Black "Jirkvalishvili, Otar"]
[Result "1/2-1/2"]
[WhiteElo "2350"]
[BlackElo "2170"]

1.d4 Nf6 2.Nf3 e6 3.c4 b6 4.g3 Bb7 5.Bg2 Be7 6.O-O O-O 7.Nc3 Ne4 8.Bd2 Nxd2
9.Qxd2 Bf6 10.e4 d6 11.d5 Nd7 12.dxe6 fxe6 13.Nd4 Bxd4 14.Qxd4 Qf6 15.Qxf6 Nxf6
16.Rfe1 e5 17.Rac1 Rf7 18.Nd5 Raf8 19.Rc2 Bc8 20.b4 c5 21.bxc5 Nxd5 22.exd5 bxc5
23.Be4 Rb7 24.Kg2 g6 25.Re3 Rb4 26.f3 a5 27.Bd3 Ba6 28.h4 Kg7 29.Re4 a4 30.Ree2 Rf7
31.Kf2 Rfb7 32.f4 exf4 33.gxf4 Rf7 34.Kf3 Bc8 35.Re8 Bd7 36.Rd8 Rb1 37.h5 Rh1
38.hxg6 Rh3+ 39.Kg2 hxg6 40.Bxg6  1/2-1/2

[Event "EU-ch U16"]
[Site "Murek"]
[Date "1998.??.??"]
[Round "5"]
[White "Korobov, Anton"]
[Black "Jakupovic, Neven"]
[Result "1/2-1/2"]
[WhiteElo "2350"]
[BlackElo "2260"]

1.d4 Nf6 2.Nf3 g6 3.c4 d6 4.Nc3 Bf5 5.g3 Ne4 6.Nxe4 Bxe4 7.Bg2 Bg7 8.O-O O-O
9.Be3 Nd7 10.Qb3 c5 11.dxc5 Nxc5 12.Bxc5 dxc5 13.Nh4 Bxg2 14.Nxg2 Qb6 15.Qc2 Rfd8
16.Rab1 e6 17.b3 Qa5 18.Rfd1 a6 19.Nf4 Kf8 20.Kg2  1/2-1/2

[Event "EU-ch U16"]
[Site "Murek"]
[Date "1998.??.??"]
[Round "6"]
[White "Jirka, Jiri"]
[Black "Korobov, Anton"]
[Result "1-0"]
[WhiteElo "2195"]
[BlackElo "2350"]

1.d4 d5 2.Nf3 c6 3.g3 Nf6 4.Bg2 Bf5 5.O-O h6 6.c4 e6 7.Nc3 Nbd7 8.Nd2 Be7
9.e4 dxe4 10.Ndxe4 O-O 11.Nxf6+ Bxf6 12.Be3 Qc7 13.Ne4 Bxe4 14.Bxe4 Rfe8
15.Qg4 Kf8 16.Rfd1 Rad8 17.Bg2 a6 18.b4 a5 19.Rab1 axb4 20.Rxb4 b6 21.Qf3 Rc8
22.Rdb1 Kg8 23.d5 c5 24.R4b3 Ne5 25.Qe2 exd5 26.Bxd5 Rb8 27.Qh5 Qa7 28.Bf4 Re7
29.a3 Kf8 30.Qf5 Kg8 31.Be4 Re6 32.Qh7+ Kf8 33.Bd5 Rd6 34.Re3 Re8 35.Rbe1 Rxd5
36.Bxe5 Rexe5 37.Qh8+ Ke7 38.cxd5 Rxe3 39.Rxe3+ Kd6 40.Qc8 Kxd5 41.Qf5+ Kc6
42.Qe4+ Kb5 43.Rb3+ Ka5 44.Qc6 Qa6 45.a4 Qc4 46.Qa8+  1-0

[Event "EU-ch U16"]
[Site "Murek"]
[Date "1998.??.??"]
[Round "8"]
[White "Langheinrich, Ferenc"]
[Black "Korobov, Anton"]
[Result "1/2-1/2"]
[WhiteElo "2245"]
[BlackElo "2350"]

1.e4 c5 2.Nf3 d6 3.d4 cxd4 4.Nxd4 Nf6 5.Nc3 a6 6.Bg5 Nbd7 7.f4 g6 8.Qe2 h6
9.Bh4 g5 10.fxg5 hxg5 11.Bxg5 e6 12.O-O-O Be7 13.h4 Qc7 14.g3 b5 15.Bg2 Bb7
16.Rhf1 O-O-O 17.a3 Rhg8 18.Kb1 Kb8 19.Nb3 Rg6 20.Rd4 Rc8 21.a4 e5 22.Rd2 b4
23.Na2 Qc6 24.Bh3 Rxg5 25.hxg5 Nxe4 26.Na5 Nxd2+ 27.Qxd2 Qxa4 28.Nxb7 b3
29.cxb3 Qe4+ 30.Ka1 Qxb7 31.Qb4 Nb6 32.Bxc8 Kxc8 33.Qc3+ Kd8 34.Nb4 Bxg5
35.Nc6+ Ke8 36.Qf3 Qd7 37.Rh1 Kf8 38.Rh8+ Kg7 39.Qh5 Qf5 40.Rg8+ Kxg8 41.Ne7+ Bxe7
42.Qxf5 Kg7 43.Kb1 a5 44.Kc2 Nd5 45.Kd2 Nb4 46.Qd7 Bg5+ 47.Ke2 d5 48.Qc7 e4
49.Qxa5 Be7 50.Qc7 Kf6 51.Qd7 Bc5 52.g4 Kg7 53.Qf5 Be7 54.Qe5+ Bf6 55.Qd6 Nd3
56.b4 Be5 57.Qe7 Bf6 58.Qd6 Be5  1/2-1/2

[Event "Swidnica op"]
[Site "Swidnica"]
[Date "1999.06.28"]
[Round "1"]
[White "Korobov, Anton"]
[Black "Brodsky, Michail"]
[Result "0-1"]
[WhiteElo "2320"]
[BlackElo "2530"]

1.d4 Nf6 2.Nf3 c5 3.d5 g6 4.Nc3 d6 5.e4 Bg7 6.Bb5+ Nbd7 7.a4 O-O 8.O-O a6
9.Be2 Ne8 10.Be3 Rb8 11.a5 Nc7 12.Nd2 b5 13.axb6 Nxb6 14.Nb3 Nb5 15.Nxb5 axb5
16.c3 Bd7 17.Qc1 Na4 18.Bh6 Bxh6 19.Qxh6 f5 20.exf5 Rxf5 21.Qd2 Nb6 22.c4 bxc4
23.Na5 Bb5 24.Bg4 Rf6 25.Rfe1 Kg7 26.Ra3 h5 27.Be6 Ra8 28.Qg5 Qh8 29.Nc6 Rxa3
30.bxa3 Qh6 31.Qxh6+ Kxh6 32.Nxe7 Kg7 33.Rb1 c3 34.Rc1 Kf8 35.Rxc3 Kxe7 36.Rb3 Bd7
37.Rxb6 Bxe6 38.dxe6 Rxe6 39.Kf1 Re4 40.Rb3 Kd7 41.f3 Re8 42.a4 c4 43.Ra3 d5
44.a5 Kc7 45.a6 Kb8 46.Ra5 d4 47.Rc5 c3 48.Rc4 Rd8 49.Ke2 d3+ 50.Kd1 c2+
51.Kd2 Rd6 52.h4 Ka7 53.g4 Kxa6 54.gxh5 gxh5 55.f4 Kb5 56.Re4 Rd5 57.Re1 Kc4
58.Rf1 Rb5  0-1

[Event "Swidnica op"]
[Site "Swidnica"]
[Date "1999.07.02"]
[Round "5"]
[White "Richter, Michael"]
[Black "Korobov, Anton"]
[Result "1-0"]
[WhiteElo "2418"]
[BlackElo "2320"]

1.d4 d5 2.c4 e6 3.Nc3 c6 4.Nf3 Nf6 5.Bg5 h6 6.Bh4 dxc4 7.e4 g5 8.Bg3 b5 9.Be2 Bb7
10.h4 g4 11.Ne5 h5 12.O-O Be7 13.Qc2 Qxd4 14.Rfd1 Qc5 15.Ng6 fxg6 16.e5 Nd5
17.Qxg6+ Kd8 18.Ne4 Qb6 19.Qxe6 Nd7 20.Qf7 Nc5 21.Nf6 Rf8 22.Qxh5 Bxf6 23.exf6 Ne4
24.Qh7 Nxf6 25.Qg7 Ke8 26.Bd3 cxd3 27.Re1+ Ne3 28.Rxe3+ Qxe3 29.fxe3 Rf7
30.Qg6 Rd8 31.Rd1 d2 32.Be5 Ke7 33.Qc2 Nd5 34.Rxd2 Rf1+ 35.Kh2  1-0

[Event "Komercni Banka op"]
[Site "Pardubice"]
[Date "1999.07.17"]
[Round "2"]
[White "Korobov, Anton"]
[Black "Vajda, Levente"]
[Result "1-0"]
[WhiteElo "2336"]
[BlackElo "2462"]

1.d4 Nf6 2.Nf3 g6 3.c4 c5 4.Nc3 Bg7 5.d5 O-O 6.e4 b5 7.cxb5 a6 8.bxa6 d6
9.Be2 Bxa6 10.O-O Nbd7 11.Re1 Ng4 12.h3 Nge5 13.Nxe5 Nxe5 14.Bxa6 Rxa6 15.f4 Nd7
16.Be3 Qa5 17.Qc2 Rb8 18.Rec1 Qb4 19.Rab1 Qc4 20.Bf2 Raa8 21.Be1 Bd4+ 22.Kh2 Nf6
23.b3 Qf1 24.Ne2  1-0

[Event "Komercni Banka op"]
[Site "Pardubice"]
[Date "1999.07.18"]
[Round "3"]
[White "Potapov, Alexander"]
[Black "Korobov, Anton"]
[Result "0-1"]
[WhiteElo "2468"]
[BlackElo "2336"]

1.d4 d5 2.c4 e6 3.Nc3 c6 4.e3 Nf6 5.Bd2 Nbd7 6.a3 Bd6 7.c5 Bc7 8.f4 Ne4 9.Nxe4 dxe4
10.Bc4 f5 11.Qh5+ g6 12.Qh6 Qe7 13.Nh3 Nf6 14.Nf2 Bd7 15.b4 b5 16.cxb6 axb6
17.Ke2 c5 18.dxc5 bxc5 19.Rhc1 Bd6 20.Bc3 cxb4 21.axb4 Rc8 22.Ba6 Rxc3 23.Rxc3 Nd5
24.Rb3 Bxb4 25.Kf1 Qf6 26.Ra2 Ke7 27.Nd1 Ra8 28.Kg1 Bb5 29.Qxh7+ Qf7 30.Qh4+ Qf6
31.Qh7+ Qf7 32.Bxb5 Qxh7 33.Rxa8 Qh4 34.Nf2 Bc5 35.Be2 Nxf4 36.Bc4 Qg5 37.g3 Bxe3
38.Rxe3 Nh3+ 39.Nxh3 Qxe3+ 40.Nf2 Qc1+ 41.Bf1 e3 42.Nd3 Qd2 43.Ra1 e2 44.Bxe2 Qxe2
45.Nf2 e5 46.Rf1 e4 47.Nh3 Kf6 48.Nf4 Qd2 49.Rf2 Qd1+ 50.Rf1 Qd4+ 51.Kg2 g5
52.Nh3 e3  0-1

[Event "Komercni Banka op"]
[Site "Pardubice"]
[Date "1999.07.20"]
[Round "5"]
[White "Korobov, Anton"]
[Black "Teske, Henrik"]
[Result "0-1"]
[WhiteElo "2336"]
[BlackElo "2515"]

1.d4 d5 2.c4 e6 3.Nc3 Bb4 4.Nf3 Ne7 5.a3 Bxc3+ 6.bxc3 O-O 7.e3 c5 8.Qc2 Nd7
9.Bd3 h6 10.O-O b6 11.e4 dxc4 12.Bxc4 Bb7 13.Qe2 Qc7 14.Bd3 Rac8 15.Be3 e5
16.d5 c4 17.Bc2 f5 18.Rfd1 Qd6 19.Bc1 fxe4 20.Qxe4 Bxd5 21.Qh7+ Kf7 22.Nh4 Rh8
23.Nf5 Qf6 24.Nxe7 Kxe7 25.Qf5 Qxf5 26.Bxf5 Be6 27.Bc2 Nc5 28.Be3 Rhd8 29.Rxd8 Rxd8
30.Bxc5+ bxc5 31.Rd1 Rb8 32.Rb1 Rb6 33.Kf1 Kf6 34.Ke2 Ra6 35.Ra1 g6 36.a4 Bf5
37.Bd1 Rb6 38.a5 Rb3 39.Kd2 Rb2+ 40.Ke3 Bc2 41.Bf3 Ke6 42.a6 Kd6 43.Ra5 Bd3
44.Ra1 Kc7 45.Bb7 Rc2 46.Ra3 e4 47.f3 Rxg2 48.Bxe4 Re2+ 49.Kf4 g5+ 50.Ke5 Rxh2
51.Kd5 Kb6 52.Bxd3 cxd3 53.c4 d2 54.Ra1 Re2 55.Rb1+ Kxa6 56.Kc6 Ka5  0-1

[Event "Komercni Banka op"]
[Site "Pardubice"]
[Date "1999.07.21"]
[Round "6"]
[White "Anka, Emil"]
[Black "Korobov, Anton"]
[Result "0-1"]
[WhiteElo "2487"]
[BlackElo "2336"]

1.e4 c5 2.Nf3 d6 3.d4 cxd4 4.Nxd4 Nf6 5.Nc3 a6 6.Be3 Nbd7 7.Be2 e6 8.g4 h6
9.h4 b5 10.a4 b4 11.Nc6 Qc7 12.Nxb4 Rb8 13.Nxa6 Bxa6 14.Bxa6 Rxb2 15.Bd2 d5
16.exd5 Bb4 17.dxe6 fxe6 18.Rh3 Qb6 19.Bb5 O-O 20.g5 Nd5 21.Qe2 Nc5 22.f4 Rxc2
23.gxh6 Rf5 24.Qc4 Bxc3 25.Rxc3 Nxc3 26.Bxc3 Nd3+ 27.Qxd3 Qf2+ 28.Kd1 Rd5
29.Be1 Qe2+  0-1

[Event "Komercni Banka op"]
[Site "Pardubice"]
[Date "1999.07.22"]
[Round "7"]
[White "Korobov, Anton"]
[Black "Totsky, Leonid"]
[Result "1/2-1/2"]
[WhiteElo "2336"]
[BlackElo "2521"]

1.d4 e6 2.Nf3 c5 3.c4 cxd4 4.Nxd4 Nf6 5.Nc3 Bb4 6.Nb5 d5 7.Bf4 O-O 8.e3 Nc6
9.a3 Bxc3+ 10.Nxc3 d4 11.exd4 Nxd4 12.Bd3 e5 13.Bg5 h6 14.Bh4 Nf5 15.Bxf5 Bxf5
16.Qf3 Qd3 17.Qxd3 Bxd3 18.Bxf6 gxf6 19.b3 Be2 20.b4 Rfd8 21.Rc1 Bd3 22.Nd5 Kg7
23.Rc3 Bg6 24.Ke2 Rac8 25.Rd1 f5 26.c5 f4 27.f3 Kf8 28.b5 Bf5 29.a4 Be6 30.Nb4 Rxd1
31.Kxd1 Rd8+ 32.Ke1 Rd4 33.c6 bxc6 34.Nxc6 Rxa4 35.Nxe5 Ra1+ 36.Kf2 Ra2+
37.Kg1 Ra5 38.Nc6 Ra1+ 39.Kf2 Ra2+ 40.Kg1 Ra1+ 41.Kf2 Ra2+ 42.Kg1  1/2-1/2

[Event "Komercni Banka op"]
[Site "Pardubice"]
[Date "1999.07.24"]
[Round "9"]
[White "Korobov, Anton"]
[Black "Soln, Primoz"]
[Result "1/2-1/2"]
[WhiteElo "2336"]
[BlackElo "2411"]

1.d4 d5 2.c4 c6 3.e3 e6 4.Nf3 Nf6 5.Bd3 Nbd7 6.Nbd2 Bd6 7.O-O O-O 8.e4 dxe4
9.Nxe4 Nxe4 10.Bxe4 e5 11.dxe5 Nxe5 12.Nxe5 Bxe5 13.Bxh7+ Kxh7 14.Qh5+ Kg8
15.Qxe5 Re8 16.Qg3 Qd4 17.Bh6 Qxb2  1/2-1/2

[Event "MK Cafe Cup-B"]
[Site "Koszalin"]
[Date "1999.08.04"]
[Round "2"]
[White "Korobov, Anton"]
[Black "Neverov, Valeriy"]
[Result "0-1"]
[WhiteElo "2336"]
[BlackElo "2549"]

1.d4 Nf6 2.Nf3 e6 3.c4 b6 4.g3 Ba6 5.Nbd2 Bb7 6.Bg2 Be7 7.O-O O-O 8.b3 c5
9.Bb2 d6 10.Re1 Nbd7 11.e4 cxd4 12.Nxd4 Qc7 13.f4 Rfd8 14.g4 e5 15.Nf5 Nc5
16.g5 Ne8 17.Nf1 Ne6 18.Nxe7+ Qxe7 19.f5 Nf4 20.h4 f6 21.Qg4 fxg5 22.hxg5 h6
23.gxh6 Nf6 24.Qxg7+ Qxg7 25.hxg7 Rd7 26.Re3 Rxg7 27.Ng3 Kf7 28.Bc3 Rag8
29.Be1 Nxg2 30.Kxg2 Nxe4 31.Rxe4 Bxe4+ 32.Kh2 Rh7+  0-1

[Event "MK Cafe Cup-B"]
[Site "Koszalin"]
[Date "1999.08.05"]
[Round "3"]
[White "Juzek, Adrian"]
[Black "Korobov, Anton"]
[Result "1/2-1/2"]
[WhiteElo "2202"]
[BlackElo "2336"]

1.e4 c5 2.Nf3 d6 3.d4 cxd4 4.Nxd4 Nf6 5.Nc3 a6 6.Bg5 Nbd7 7.f4 g6 8.Qf3 Bg7
9.O-O-O O-O 10.Bxf6 Nxf6 11.h3 Qc7 12.g4 e5 13.Nb3 exf4 14.g5 Nh5 15.Nd5 Qd8
16.h4 Be5 17.Kb1 Kh8 18.Be2 f5 19.gxf6 Nxf6 20.Nd2 b5 21.Rdg1 Nxd5 22.exd5 Bf5
23.Bd3 Qf6 24.h5 Bxb2 25.hxg6 Ba3 26.Rxh7+ Kg8 27.Rh8+ Kg7 28.Rh7+ Kg8 29.Rh8+ Qxh8
30.g7 Qh2 31.gxf8=Q+ Kxf8 32.Qh1 Qxh1 33.Rxh1 Bxd3 34.Rh8+ Kg7 35.Rxa8 Bf5
36.Rxa6 Bc5 37.Kc1 Kf6 38.Ra8 Ke5 39.Rf8 Be3 40.Kd1 Bg4+ 41.Ke1 Kxd5 42.Rg8 Be6
43.Rg5+ Kc6 44.Ke2 Bxa2 45.Nb3 Kb6 46.Kd3 Bxb3 47.cxb3 Ka5 48.Rf5 Kb4 49.Kc2 Ka5
50.Rf6 d5 51.Rf5 d4 52.Kd3 Kb4 53.Ke2  1/2-1/2

[Event "MK Cafe Cup-B"]
[Site "Koszalin"]
[Date "1999.08.06"]
[Round "4"]
[White "Korobov, Anton"]
[Black "Babar, Michael"]
[Result "1-0"]
[WhiteElo "2336"]
[BlackElo "2166"]

1.d4 f5 2.g3 g6 3.Bg2 Nf6 4.Nh3 Bg7 5.Nf4 Nc6 6.h4 O-O 7.h5 Qe8 8.Nc3 Qf7
9.Nb5 Ne8 10.Nd5 Rb8 11.hxg6 hxg6 12.c3 a6 13.Nbxc7 Nxc7 14.Nxc7 e6 15.d5 Nd8
16.d6 Qf6 17.Be3 Nc6 18.Qb3 b5 19.Bxc6 dxc6 20.Bd4 Qf7 21.Bxg7 Kxg7 22.O-O-O e5
23.Qb4 Qxa2 24.d7 c5 25.Qh4 Bb7 26.Qh7+ Kf6 27.Rd6+  1-0

[Event "MK Cafe Cup-B"]
[Site "Koszalin"]
[Date "1999.08.07"]
[Round "5"]
[White "Jonczyk, Jerzy"]
[Black "Korobov, Anton"]
[Result "0-1"]
[WhiteElo "2185"]
[BlackElo "2336"]

1.d4 d5 2.Nf3 c6 3.c3 Bf5 4.Bf4 Nd7 5.Nbd2 h6 6.e3 Ngf6 7.Ne5 g5 8.Bg3 Bg7
9.Bd3 Bxd3 10.Nxd3 Ne4 11.Nxe4 dxe4 12.Ne5 h5 13.Nxd7 Qxd7 14.h4 O-O-O 15.Qa4 a6
16.Qa5 gxh4 17.Rxh4 f5 18.Be5 e6 19.O-O-O Qe7 20.Bxg7 Rd5 21.Qa4 Qxg7 22.g3 Qf7
23.Rdh1 e5 24.dxe5 Rxe5 25.Qd4 Ree8 26.Kb1 Rd8 27.Qa7 Rh6 28.g4 fxg4 29.Rxg4 Rf6
30.Rf4 Rxf4 31.exf4 Qxf4 32.Rxh5 Rd1+ 33.Kc2 Rc1+  0-1

[Event "MK Cafe Cup-B"]
[Site "Koszalin"]
[Date "1999.08.08"]
[Round "6"]
[White "Vaulin, Alexander"]
[Black "Korobov, Anton"]
[Result "1-0"]
[WhiteElo "2492"]
[BlackElo "2336"]

1.c4 e6 2.g3 d5 3.Bg2 Nf6 4.Nf3 c6 5.Qc2 Nbd7 6.O-O Be7 7.d4 O-O 8.b3 b6
9.Rd1 Bb7 10.Nc3 c5 11.cxd5 exd5 12.Bb2 Rc8 13.dxc5 Nxc5 14.Nd4 Nce4 15.Bh3 Rc7
16.Qd3 Ba3 17.Bxa3 Rxc3 18.Qb1 Re8 19.f3 Ng5 20.Bf1 h5 21.Bb2 Rc7 22.Qf5 Ne6
23.Rac1 Rd7 24.Nxe6 fxe6 25.Qe5 Qb8 26.Qxb8 Rxb8 27.Be5 Rc8 28.Rxc8+ Bxc8
29.e3 Bb7 30.Rc1 a6 31.a4 Rf7 32.Bh3 Re7 33.Bd6 Re8 34.Rc7 Ba8 35.Be5 d4
36.e4 d3 37.Kf2 Kh8 38.Ke3 Rd8 39.Kd2 h4 40.Bxf6 gxf6 41.Bxe6  1-0